| 000 | 01998nac a22003491u 4500 | ||
|---|---|---|---|
| 010 | _a2003046321 | ||
| 020 | _a0719053455 (hb.) | ||
| 020 | _a0719053463 (pbk.) | ||
| 082 | 0 | 0 |
_a327.0956 _bHIN |
| 090 |
_c9600 _d9600 |
||
| 100 | _aHinnebusch, Raymond A. | ||
| 245 | 1 | 4 |
_aThe international politics of the Middle East / _cRaymond Hinnebusch. |
| 260 |
_aManchester ; _aNew York : _bManchester University Press ; _aNew York : _bDistributed exclusively in the USA by Palgrave,2003. _cc2003. |
||
| 300 |
_a262 p. : _bmap ; _c23 cm. |
||
| 440 | 0 | _aRegional international politics series | |
| 500 | _aDistributer: Bacca | ||
| 504 | _aIncludes bibliographical references and index. | ||
| 511 | _aCatalogued by: Sara | ||
| 650 | 0 |
_aRegionalism _zMiddle East. |
|
| 650 | 0 | _aNational state. | |
| 650 | 0 |
_aPostcolonialism _zMiddle East. |
|
| 651 | 0 |
_aMiddle East _xForeign relations. |
|
| 856 | 4 | 2 |
_3Contributor biographical information _uhttp://www.loc.gov/catdir/bios/hol052/2003046321.html |
| 856 | 4 | 2 |
_3Publisher description _uhttp://www.loc.gov/catdir/description/hol032/2003046321.html |
| 856 | 4 | 2 |
_3Table of contents only _uhttp://www.loc.gov/catdir/enhancements/fy0623/2003046321-t.html |
| 942 |
_cBB _k327.0956HIN |
||
| 999 |
_c9600 _d9600 |
||